=LDR 00000nam 2200000 4500 =001 INLIS000000000032769 =990 ##$$a 21197118/BPAP-NTB/2014 =005 20130612134749 =990 ##$$a 21400613/BPAP-NTB/20142014 =008 ***********************************ind** =035 ##$$a0010-061300000032769 =041 ##$$a ind =082 ##$$a 372 =090 ##$$a 372, Edy m =100 ##$$a Edy =245 ##$$a Mendidik Anak Zaman Sekarang Ternyata mudah Lho..., Edi;Editor,Andiek Kurniawan =260 ##$$a 2008 $b Jakarta =300 ##$$a xi,116 hlm, Ilus, 23 cm =650 ##$$a Mendidik Anak =700 ##$$a Kurnia, Andiek =850 ##$$a NBPNMAT =990 ##$$a 21197118/BPAP-NTB/2014 =990 ##$$a 21400613/BPAP-NTB/20142014